[Event "XXIX Miedzynarodowy Festiwal Szachowy CRACOVIA-2018 Grupa B"]
[Site "Krakow, Hotel Galaxy, ul. Gesia 22a"]
[Date "2018.12.30"]
[Round "5.60"]
[White "Wnek, Filip"]
[Black "Alothman, Salem"]
[Result "1-0"]
[WhiteElo "1735"]
[BlackElo "1593"]
[PlyCount "49"]
[EventDate "2018.??.??"]

1. e4 e5 2. Nf3 Nc6 3. d4 exd4 4. Nxd4 Nf6 5. Nc3 Bb4 6. Nxc6 bxc6 7. Bd3 d5 8.
exd5 cxd5 9. O-O O-O 10. Bg5 c6 11. a3 Be7 12. Re1 Rb8 13. b4 Re8 14. Qd2 Ng4
15. Bxe7 Rxe7 16. Rxe7 Qxe7 17. Re1 Be6 18. Qf4 Re8 19. Na4 Qf6 20. Qxg4 g6 21.
Qg3 a5 22. Qc7 axb4 23. axb4 Bd7 24. Rxe8+ Bxe8 25. Nc5 1-0

[Event "XXIX Miedzynarodowy Festiwal Szachowy CRACOVIA-2018 Grupa B"]
[Site "Krakow, Hotel Galaxy, ul. Gesia 22a"]
[Date "2018.12.31"]
[Round "6.3"]
[White "Siprashvili, Ivane"]
[Black "Warchol, Bartosz"]
[Result "1/2-1/2"]
[BlackElo "1975"]
[WhiteElo "2074"]
[LiveChessVersion "1.4.8"]

1. Nf3 {[%clk 1:30:50]} d5 {[%clk 1:30:37]} 2. g3 {[%clk 1:31:01]} c6
{[%clk 1:30:58]} 3. Bg2 {[%clk 1:31:20]} Nf6 {[%clk 1:30:46]} 4. O-O
{[%clk 1:31:38]} Bg4 {[%clk 1:31:02]} 5. d3 {[%clk 1:31:44]} Nbd7
{[%clk 1:31:05]} 6. Nbd2 {[%clk 1:31:56]} e5 {[%clk 1:31:18]} 7. h3
{[%clk 1:28:43]} Bh5 {[%clk 1:30:28]} 8. e4 {[%clk 1:28:49]} dxe4
{[%clk 1:27:38]} 9. dxe4 {[%clk 1:29:10]} Bc5 {[%clk 1:26:55]} 10. Qe2
{[%clk 1:29:06]} O-O {[%clk 1:26:03]} 11. b3 {[%clk 1:27:46]} Qe7
{[%clk 1:21:18]} 12. a4 {[%clk 1:27:22]} a5 {[%clk 1:20:03]} 13. Bb2
{[%clk 1:26:59]} Rfe8 {[%clk 1:16:14]} 14. Rfe1 {[%clk 1:24:52]} Bb4
{[%clk 1:09:51]} 15. Red1 {[%clk 1:23:38]} Bxd2 {[%clk 0:59:52]} 16. Rxd2
{[%clk 1:23:29]} Bxf3 {[%clk 0:59:04]} 17. Bxf3 {[%clk 1:23:15]} Nf8
{[%clk 0:57:46]} 18. Ba3 {[%clk 1:22:10]} c5 {[%clk 0:56:35]} 19. Rad1
{[%clk 1:20:58]} Ne6 {[%clk 0:53:18]} 20. c3 {[%clk 1:20:56]} Rad8
{[%clk 0:50:16]} 21. h4 {[%clk 1:17:24]} b6 {[%clk 0:45:51]} 22. Bc1
{[%clk 1:17:37]} Rxd2 {[%clk 0:44:46]} 23. Bxd2 {[%clk 1:17:30]} Rd8
{[%clk 0:43:21]} 24. Be3 {[%clk 1:17:03]} Rxd1+ {[%clk 0:41:11]} 25. Qxd1
{[%clk 1:17:17]} Qd7 {[%clk 0:39:01]} 26. Qxd7 {[%clk 1:17:16]} Nxd7
{[%clk 0:39:26]} 27. Be2 {[%clk 1:17:22]} Kf8 {[%clk 0:37:42]} 28. Bc4
{[%clk 1:16:25]} Ke7 {[%clk 0:36:57]} 29. Kf1 {[%clk 1:14:43]} Nf6
{[%clk 0:34:18]} 30. f3 {[%clk 1:15:00]} Ne8 {[%clk 0:20:22]} 31. Ke1
{[%clk 1:11:28]} Nd6 {[%clk 0:19:01]} 32. Be2 {[%clk 1:10:28]} Kd7
{[%clk 0:16:05]} 33. Kd1 {[%clk 1:01:21]} f6 {[%clk 0:15:33]} 34. Bf1
{[%clk 1:01:16]} Kc6 {[%clk 0:13:03]} 35. Kc2 {[%clk 1:00:34]} c4
{[%clk 0:08:57]} 36. bxc4 {[%clk 0:55:23]} Nc5 {[%clk 0:08:26]} 37. h5
{[%clk 0:54:00]} h6 {[%clk 0:08:23]} 38. Be2 {[%clk 0:46:42]} Nxa4
{[%clk 0:07:22]} 39. Bc1 {[%clk 0:46:51]} Nc5 {[%clk 0:06:36]} 40. g4
{[%clk 1:15:30]} Ne6 {[%clk 0:33:50]} 41. Ba3 {[%clk 1:15:34]} Nb7
{[%clk 0:31:31]} 42. Bd1 {[%clk 1:13:57]} Nbc5 {[%clk 0:30:56]} 43. Kd2
{[%clk 1:13:59]} Kd7 {[%clk 0:24:49]} 1/2-1/2

[Event "XXIX Miedzynarodowy Festiwal Szachowy CRACOVIA-2018 Grupa B"]
[Site "Krakow, Hotel Galaxy, ul. Gesia 22a"]
[Date "2018.12.31"]
[Round "6.9"]
[White "Bobrowski, Damian"]
[Black "Adamczewski, Maciej"]
[Result "0-1"]
[WhiteElo "1597"]
[BlackElo "2080"]
[PlyCount "66"]
[EventDate "2018.??.??"]

1. e4 e6 2. d4 d5 3. Nc3 Nf6 4. Bg5 Be7 5. e5 Nfd7 6. h4 h6 7. Be3 c5 8. Qg4
Kf8 9. Rh3 h5 10. Qf4 cxd4 11. Rf3 Nxe5 12. Qxe5 dxe3 13. O-O-O Bf6 14. Qxe3
Nd7 15. Nh3 Qb6 16. Qd2 Ne5 17. Rxf6 gxf6 18. Na4 Qc7 19. Qf4 Qe7 20. f3 Bd7
21. Nc3 Rc8 22. Be2 a6 23. g4 hxg4 24. fxg4 Rxh4 25. Qg3 Rh8 26. g5 Rg8 27. Rf1
Nc4 28. Qh4 f5 29. Qh6+ Ke8 30. Qh7 Rf8 31. Bh5 Qb4 32. g6 Qxb2+ 33. Kd1 Ne3+
0-1

[Event "XXIX Miedzynarodowy Festiwal Szachowy CRACOVIA-2018 Grupa B"]
[Site "Krakow, Hotel Galaxy, ul. Gesia 22a"]
[Date "2018.12.31"]
[Round "6.10"]
[White "Beraia, Levan"]
[Black "Lada, Ireneusz"]
[Result "1/2-1/2"]
[WhiteElo "1851"]
[BlackElo "1944"]
[PlyCount "46"]
[EventDate "2018.??.??"]

1. e4 c6 2. d4 d5 3. Nd2 dxe4 4. Nxe4 Nf6 5. Ng3 c5 6. Bb5+ Nc6 7. c3 cxd4 8.
Qxd4 Bd7 9. Qd3 g6 10. Nf3 Bg7 11. O-O O-O 12. Rd1 Qc7 13. h3 Rad8 14. Qe2 a6
15. Bd3 Bc8 16. Bg5 h6 17. Bxf6 exf6 18. Qc2 f5 19. h4 Ne5 20. Nxe5 Bxe5 21.
Nf1 h5 22. Nd2 Be6 23. Nf3 b6 1/2-1/2

[Event "XXIX Miedzynarodowy Festiwal Szachowy CRACOVIA-2018 Grupa B"]
[Site "Krakow, Hotel Galaxy, ul. Gesia 22a"]
[Date "2018.12.31"]
[Round "6.11"]
[White "Gawronski, Lukasz"]
[Black "Szalko, Maciej"]
[Result "0-1"]
[WhiteElo "1916"]
[BlackElo "1889"]
[PlyCount "68"]
[EventDate "2018.??.??"]

1. d4 Nf6 2. Bg5 g6 3. Bxf6 exf6 4. e3 d5 5. c4 dxc4 6. Bxc4 Bd6 7. Nc3 c6 8.
Nge2 O-O 9. O-O f5 10. Rc1 Nd7 11. Nf4 a6 12. Qf3 Qf6 13. Rfd1 Kh8 14. Nd3 b5
15. Bb3 Bb7 16. a4 Rab8 17. axb5 axb5 18. Qe2 Ba8 19. Ra1 Rfe8 20. Ra7 Re7 21.
Rda1 Nb6 22. Rxe7 Qxe7 23. Ra6 Qb7 24. Ra1 c5 25. Rxa8 Nxa8 26. dxc5 Bf8 27.
Bd5 Qa7 28. b4 Rd8 29. Bc6 Nc7 30. Bxb5 Qa3 31. Qb2 Qxb2 32. Nxb2 Bg7 33. Be2
Bxc3 34. Nd3 Rb8 0-1

[Event "XXIX Miedzynarodowy Festiwal Szachowy CRACOVIA-2018 Grupa B"]
[Site "Krakow, Hotel Galaxy, ul. Gesia 22a"]
[Date "2018.12.31"]
[Round "6.12"]
[White "Skomial, Mateusz"]
[Black "Zeliantsova, Kseniya"]
[Result "1-0"]
[WhiteElo "2050"]
[BlackElo "1858"]
[PlyCount "111"]
[EventDate "2018.??.??"]

1. e4 d6 2. d4 Nf6 3. Bd3 g6 4. Ne2 Bg7 5. O-O O-O 6. c3 c5 7. d5 c4 8. Bxc4
Nxe4 9. Nd2 Qc7 10. Bb3 Nf6 11. Ng3 Nbd7 12. Nde4 Nxe4 13. Nxe4 Ne5 14. Qe2 Bf5
15. Bf4 Qb6 16. Rfe1 a5 17. Ng3 Bg4 18. Be3 Qc7 19. f3 Bd7 20. a4 Rac8 21. Bd4
Rfe8 22. Ne4 Qb8 23. Bb6 h6 24. Kh1 Qa8 25. Nf2 g5 26. Rac1 Qa6 27. Bd4 b5 28.
Bc2 Qb7 29. Bxe5 Bxe5 30. Qd3 f5 31. axb5 Rf8 32. c4 Bxb2 33. Rb1 Be5 34. Ng4
Qc7 35. Nxe5 dxe5 36. Bb3 Rf6 37. Qe3 e4 38. fxe4 f4 39. Qd4 f3 40. gxf3 a4 41.
e5 Rf4 42. Re4 Rxf3 43. Bxa4 Bf5 44. b6 Qb7 45. Bc2 Rf8 46. Kg1 Bxe4 47. Qxe4
e6 48. Qg6+ Qg7 49. Qxe6+ Kh8 50. b7 g4 51. b8=Q g3 52. Qg6 gxh2+ 53. Kxh2 Rf2+
54. Kg1 Qe7 55. Qxh6+ Kg8 56. Qe6+ 1-0

[Event "XXIX Miedzynarodowy Festiwal Szachowy CRACOVIA-2018 Grupa B"]
[Site "Krakow, Hotel Galaxy, ul. Gesia 22a"]
[Date "2018.12.31"]
[Round "6.13"]
[White "Bakalarz, Leszek"]
[Black "Kusnetsov, Igor"]
[Result "1-0"]
[WhiteElo "1927"]
[BlackElo "2094"]
[PlyCount "183"]
[EventDate "2018.??.??"]

1. e4 e5 2. Nf3 Nc6 3. Bb5 Nge7 4. O-O g6 5. c3 Bg7 6. d4 exd4 7. cxd4 d5 8.
exd5 Nxd5 9. Re1+ Be6 10. Bg5 Qd6 11. Nbd2 O-O 12. Ne4 Qb4 13. Bxc6 bxc6 14.
Qc1 Rfe8 15. Bd2 Qb6 16. Nc5 Bf5 17. Ne5 Rad8 18. a4 Nb4 19. Bxb4 Bxe5 20. Bc3
Bg7 21. Qf4 Qb8 22. g4 Be6 23. Na6 Qc8 24. Nxc7 Re7 25. Nxe6 fxe6 26. Rad1 Rd5
27. h3 Qd7 28. Qf3 h5 29. a5 Kh7 30. gxh5 Rxh5 31. Re4 Rf7 32. Qg4 Rff5 33. f4
Bf6 34. Rde1 Rh4 35. Qg3 Rfh5 36. Rxe6 Rxh3 37. Qg4 Rh1+ 38. Kf2 Rxe1 39. Kxe1
Rh4 40. Qe2 Rxf4 41. Re4 Rxe4 42. Qxe4 a6 43. Kd2 Kg7 44. Qe2 Qb7 45. Qe6 Qb5
46. Qd7+ Kh6 47. Qh3+ Qh5 48. Qg2 Qg5+ 49. Qxg5+ Kxg5 50. Kd3 Kf5 51. Kc4 Be7
52. d5 c5 53. Be1 g5 54. Bg3 g4 55. d6 Bd8 56. Kxc5 Bxa5 57. b4 Bd8 58. Kc6 Ke6
59. d7 Kf7 60. Kb7 Ke6 61. Kc6 Kf7 62. Bd6 Ke6 63. Bf4 Kf7 64. Bd6 Ke6 65. Bc7
Ke7 66. Bg3 Ke6 67. Bf4 Kf7 68. Kb7 Ke6 69. Kc8 Be7 70. Bc7 Bf6 71. Bd8 Bxd8
72. Kxd8 g3 73. Kc7 g2 74. d8=Q g1=Q 75. Qd6+ Kf7 76. Qxa6 Qc1+ 77. Qc6 Qf4+
78. Qd6 Qf1 79. Qd5+ Ke7 80. b5 Qc1+ 81. Kb7 Qa3 82. b6 Qa1 83. Qc5+ Ke6 84.
Kb8 Qb2 85. b7 Kd7 86. Qd5+ Ke7 87. Kc7 Qh2+ 88. Kb6 Qb8 89. Qc5+ Kd7 90. Qc6+
Kd8 91. Qf6+ Kd7 92. Qf7+ 1-0

[Event "XXIX Miedzynarodowy Festiwal Szachowy CRACOVIA-2018 Grupa B"]
[Site "Krakow, Hotel Galaxy, ul. Gesia 22a"]
[Date "2018.12.31"]
[Round "6.14"]
[White "Czaplewska, Klara"]
[Black "Barchuk, Irina"]
[Result "0-1"]
[WhiteElo "1890"]
[BlackElo "2023"]
[PlyCount "90"]
[EventDate "2018.??.??"]

1. d4 Nf6 2. g3 g6 3. Bg2 Bg7 4. e4 d6 5. Nc3 O-O 6. Nge2 e5 7. h3 Nbd7 8. Be3
c6 9. O-O Qc7 10. f4 b5 11. a3 Bb7 12. g4 Nb6 13. b3 exd4 14. Nxd4 a6 15. g5
Nfd7 16. Rb1 c5 17. Nde2 Rfe8 18. Qd3 b4 19. axb4 cxb4 20. Nd5 Nxd5 21. exd5 a5
22. Rfe1 Nc5 23. Qd2 Ne4 24. Qd1 Rac8 25. Bd4 Bxd4+ 26. Qxd4 Qc5 27. Qxc5 dxc5
28. Ra1 Ra8 29. Rad1 Nd6 30. Ng3 c4 31. bxc4 Nxc4 32. Ne4 Red8 33. Nc5 Rab8 34.
Rd4 Na3 35. Rd2 Bc8 36. Nb3 a4 37. Nc5 b3 38. cxb3 axb3 39. Rb2 Nc2 40. Reb1
Nd4 41. Rd1 Rb4 42. Nd3 Rc4 43. Nc1 Bf5 44. Nd3 Rc2 45. Rbb1 Ne2+ 0-1

[Event "XXIX Miedzynarodowy Festiwal Szachowy CRACOVIA-2018 Grupa B"]
[Site "Krakow, Hotel Galaxy, ul. Gesia 22a"]
[Date "2018.12.31"]
[Round "6.15"]
[White "Szczecina, Kamil"]
[Black "Jeda, Maciej"]
[Result "0-1"]
[WhiteElo "1986"]
[BlackElo "1917"]
[PlyCount "70"]
[EventDate "2018.??.??"]

1. e4 e6 2. d3 d5 3. Nd2 Nf6 4. Ngf3 Bc5 5. e5 Nfd7 6. g3 O-O 7. Bg2 f6 8. d4
Bb6 9. O-O c5 10. dxc5 Bxc5 11. Nb3 Bb6 12. Qe2 fxe5 13. Nxe5 Nxe5 14. Qxe5 Nc6
15. Qe2 Qf6 16. Kh1 Bd7 17. f4 Rae8 18. c3 Kh8 19. Be3 Bxe3 20. Qxe3 b6 21.
Rad1 Ne7 22. Nd4 Nf5 23. Qd3 Nd6 24. Nf3 Bb5 25. Qc2 Bxf1 26. Bxf1 Nf7 27. Bd3
e5 28. Nxe5 Nxe5 29. fxe5 Qf3+ 30. Kg1 Rxe5 31. Qd2 Rfe8 32. Bf1 Re2 33. Qd4
Rxb2 34. c4 Ree2 35. Rd3 Rg2+ 0-1

[Event "XXIX Miedzynarodowy Festiwal Szachowy CRACOVIA-2018 Grupa B"]
[Site "Krakow, Hotel Galaxy, ul. Gesia 22a"]
[Date "2018.12.31"]
[Round "6.16"]
[White "Landl, Margot"]
[Black "Hasterok, Mateusz"]
[Result "0-1"]
[WhiteElo "1975"]
[BlackElo "1884"]
[PlyCount "60"]
[EventDate "2018.??.??"]

1. e4 c5 2. Nc3 Nc6 3. g3 g6 4. Bg2 Bg7 5. d3 d6 6. Be3 Rb8 7. Qd2 b5 8. Nge2
b4 9. Nd1 Nd4 10. c3 Nxe2 11. Qxe2 bxc3 12. bxc3 Qa5 13. Qd2 e6 14. O-O Ba6 15.
f4 Ne7 16. f5 gxf5 17. Bh6 Bxh6 18. Qxh6 Bxd3 19. Qf6 Rf8 20. Re1 Bxe4 21. Bxe4
fxe4 22. Rxe4 Qa6 23. Nf2 d5 24. Rh4 Qe2 25. Rxh7 Rb2 26. Rf1 Nf5 27. a4 Ne3
28. Ra1 Ng4 29. Qf4 Qxf2+ 30. Qxf2 Nxf2 0-1

[Event "XXIX Miedzynarodowy Festiwal Szachowy CRACOVIA-2018 Grupa B"]
[Site "Krakow, Hotel Galaxy, ul. Gesia 22a"]
[Date "2018.12.31"]
[Round "6.17"]
[White "Zelak, Wladyslaw"]
[Black "Zianowicz, Dominik"]
[Result "1/2-1/2"]
[WhiteElo "1833"]
[BlackElo "1969"]
[PlyCount "124"]
[EventDate "2018.??.??"]

1. d4 d5 2. c4 c6 3. Nf3 e6 4. Nc3 dxc4 5. a4 Bb4 6. e4 Nf6 7. e5 Nd5 8. Qc2 b5
9. Be2 Bb7 10. Ng5 Be7 11. Nge4 Nb4 12. Qb1 Qxd4 13. O-O Qxe5 14. b3 f5 15. Bb2
Qc7 16. Ng3 cxb3 17. axb5 Nc2 18. Ra4 cxb5 19. Bxb5+ Nc6 20. Bc4 N6d4 21. Bxb3
Qc6 22. f3 Bc5 23. Kh1 Nxb3 24. Qxc2 Nd4 25. Qd1 O-O-O 26. Qd3 Qb6 27. Rb1 Nxf3
28. Qc2 Rd2 29. Qc1 Rhd8 30. Ba1 Nh4 31. Nge4 Qc6 32. Rc4 fxe4 33. Nxe4 Kb8 34.
Rxc5 Qxe4 35. Be5+ Qxe5 36. Rxe5 Rd1+ 37. Qxd1 Rxd1+ 38. Rxd1 Bxg2+ 39. Kg1
Nf3+ 40. Kxg2 Nxe5 41. Re1 Nd3 42. Re3 Nf4+ 43. Kf3 g5 44. Rb3+ Kc7 45. Ke4 a5
46. Rb5 a4 47. Rxg5 Nd5 48. Kd4 Kd6 49. Rh5 Nf6 50. Ra5 Ng4 51. Ra6+ Ke7 52. h3
e5+ 53. Kd5 Nf2 54. h4 e4 55. Rxa4 Kf6 56. Ra8 e3 57. Rf8+ Kg6 58. Kd4 e2 59.
Re8 Kh5 60. Rxe2 Ng4 61. Ke4 Kxh4 62. Kf4 h5 1/2-1/2

[Event "XXIX Miedzynarodowy Festiwal Szachowy CRACOVIA-2018 Grupa B"]
[Site "Krakow, Hotel Galaxy, ul. Gesia 22a"]
[Date "2018.12.31"]
[Round "6.18"]
[White "Szwaj, Jacek"]
[Black "Koziorowicz, Michal"]
[Result "1-0"]
[WhiteElo "1968"]
[BlackElo "1872"]
[PlyCount "69"]
[EventDate "2018.??.??"]

1. e4 c5 2. Nf3 d6 3. d4 cxd4 4. Nxd4 Nf6 5. Nc3 g6 6. Be2 Bg7 7. Be3 O-O 8.
O-O Nc6 9. Nb3 Be6 10. f4 Qc8 11. h3 Rd8 12. Nd4 Nxd4 13. Bxd4 Bc4 14. f5 Nd7
15. Bxg7 Bxe2 16. Qxe2 Kxg7 17. Nd5 e6 18. fxe6 fxe6 19. Nf4 Ne5 20. b3 Rf8 21.
c4 Qc5+ 22. Kh1 Rf6 23. Nd3 Rxf1+ 24. Rxf1 Nxd3 25. Qxd3 Rf8 26. Rd1 Rf6 27.
Qc3 e5 28. Qd2 Kf7 29. Qh6 Kg8 30. Qh4 Kg7 31. Qg3 Kf7 32. Kh2 Ke7 33. Qh4 h5
34. Rf1 g5 35. Qxg5 1-0

[Event "XXIX Miedzynarodowy Festiwal Szachowy CRACOVIA-2018 Grupa B"]
[Site "Krakow, Hotel Galaxy, ul. Gesia 22a"]
[Date "2018.12.31"]
[Round "6.19"]
[White "Alothman, Abdul Wahab"]
[Black "Kepowicz, Artur"]
[Result "0-1"]
[WhiteElo "1965"]
[BlackElo "1869"]
[PlyCount "98"]
[EventDate "2018.??.??"]

1. d4 Nf6 2. Nf3 g6 3. c4 d5 4. cxd5 Bg7 5. g3 O-O 6. Bg2 Nxd5 7. O-O c6 8. Re1
Nd7 9. e4 Nc7 10. Nc3 e5 11. Bg5 f6 12. Qb3+ Kh8 13. Be3 exd4 14. Bxd4 Qe7 15.
Rad1 Ne6 16. Be3 Re8 17. Qc2 Ne5 18. Re2 Nxf3+ 19. Bxf3 Ng5 20. Bxg5 fxg5 21.
Red2 Rf8 22. Rd3 Be6 23. Bg2 Qc5 24. R1d2 g4 25. b3 Bh6 26. Nd1 Qxc2 27. Rxc2
Rad8 28. Nb2 Kg7 29. Kf1 Kf6 30. f4 gxf3 31. Bxf3 Ke7 32. Ke2 Bg7 33. Rxd8 Rxd8
34. Nd3 Bc8 35. h4 Bd4 36. Rd2 Bc3 37. Rc2 Ba5 38. Nf4 Rd6 39. Nd5+ Kd8 40. Ne3
Bc7 41. g4 Rd4 42. Rc1 Bf4 43. Rf1 Ke7 44. g5 b6 45. Bg4 Ba6+ 46. Nc4 Rxc4 47.
Rxf4 Rxe4+ 48. Kf3 Rxf4+ 49. Kxf4 Kd6 0-1

[Event "XXIX Miedzynarodowy Festiwal Szachowy CRACOVIA-2018 Grupa B"]
[Site "Krakow, Hotel Galaxy, ul. Gesia 22a"]
[Date "2018.12.31"]
[Round "6.20"]
[White "Jablonska, Sabina"]
[Black "Planeta, Wojciech"]
[Result "1-0"]
[WhiteElo "1964"]
[BlackElo "1812"]
[PlyCount "43"]
[EventDate "2018.??.??"]

1. d4 Nf6 2. Bf4 g6 3. Nc3 Bg7 4. e4 d6 5. Qd2 O-O 6. O-O-O c6 7. Bh6 Qa5 8.
Kb1 e5 9. dxe5 dxe5 10. h4 b5 11. Bxg7 Kxg7 12. h5 Nxh5 13. Rxh5 gxh5 14. Qg5+
Kh8 15. Qxe5+ f6 16. Qe7 Kg8 17. e5 Nd7 18. Bd3 f5 19. Qg5+ Kh8 20. e6 Rg8 21.
Qxf5 Rg7 22. exd7 1-0

[Event "XXIX Miedzynarodowy Festiwal Szachowy CRACOVIA-2018 Grupa B"]
[Site "Krakow, Hotel Galaxy, ul. Gesia 22a"]
[Date "2018.12.31"]
[Round "6.21"]
[White "Konyves, Almos"]
[Black "Goraj, Barbara"]
[Result "1/2-1/2"]
[WhiteElo "1963"]
[BlackElo "1786"]
[PlyCount "126"]
[EventDate "2018.??.??"]

1. d4 Nf6 2. c4 g6 3. Nc3 Bg7 4. e4 d6 5. Nf3 O-O 6. Be2 Nbd7 7. Be3 e5 8. d5
Ng4 9. Bg5 f6 10. Bh4 Nh6 11. Nd2 Nf7 12. f3 Bh6 13. Bf2 Qe7 14. O-O f5 15. b4
a5 16. bxa5 Rxa5 17. Nb3 Ra8 18. c5 Nxc5 19. Nxc5 dxc5 20. a4 Ra5 21. Nb5 fxe4
22. fxe4 b6 23. Qc2 Nd6 24. Ra3 Nxb5 25. Bxb5 Ba6 26. d6 Qe6 27. Bxa6 Rxa6 28.
d7 Raa8 29. Rd1 Rad8 30. Rh3 Bg5 31. Rhd3 Rf7 32. a5 bxa5 33. Qxc5 Rfxd7 34.
Rd5 a4 35. Qa5 a3 36. Qxa3 Kg7 37. Qb3 Rxd5 38. exd5 Qd6 39. Qb7 Rd7 40. Bg3
Be3+ 41. Kh1 Bf4 42. Be1 e4 43. Bb4 Qf6 44. Qc8 Rf7 45. Qh3 Bd6 46. Bc3 Be5 47.
Bxe5 Qxe5 48. Qe3 h6 49. Kg1 g5 50. Qd4 Re7 51. Kf2 Kf7 52. Qxe5 Rxe5 53. Rc1
Rxd5 54. Rxc7+ Kg6 55. Ke3 Kf5 56. Rh7 Rd3+ 57. Ke2 Rd6 58. Ke3 Rd3+ 59. Ke2
Ra3 60. Rxh6 Ra2+ 61. Kf1 Kf4 62. g3+ Kf3 63. Rf6+ Ke3 1/2-1/2

[Event "XXIX Miedzynarodowy Festiwal Szachowy CRACOVIA-2018 Grupa B"]
[Site "Krakow, Hotel Galaxy, ul. Gesia 22a"]
[Date "2018.12.31"]
[Round "6.22"]
[White "Butyrowski, Marcel"]
[Black "Jankowiak, Piotr"]
[Result "0-1"]
[WhiteElo "1802"]
[BlackElo "1952"]
[PlyCount "168"]
[EventDate "2018.??.??"]

1. d4 d5 2. c4 dxc4 3. e3 Nf6 4. Bxc4 e6 5. Nc3 a6 6. a4 Bb4 7. Nf3 O-O 8. O-O
b6 9. Qe2 Bb7 10. Bd3 Nc6 11. Rd1 Nd5 12. Qc2 h6 13. h3 Bd6 14. Nxd5 exd5 15.
Bd2 Nb4 16. Bxb4 Bxb4 17. Ne5 Bd6 18. f4 Qe7 19. Re1 c5 20. b3 Rfc8 21. Qf2 Qe6
22. g4 Rc7 23. Nf3 c4 24. f5 Qe7 25. Bc2 cxb3 26. Bxb3 Rc3 27. Rab1 b5 28. axb5
axb5 29. Bd1 b4 30. h4 Raa3 31. g5 Rxe3 32. Rxe3 Rxe3 33. Rb3 Rxb3 34. Bxb3 Qe4
35. Bc2 Qf4 36. Qe2 Qg3+ 37. Kh1 Qh3+ 38. Kg1 Qg3+ 39. Kh1 Kf8 40. Ba4 Qh3+ 41.
Kg1 Qg4+ 42. Qg2 Qxg2+ 43. Kxg2 hxg5 44. hxg5 Ba6 45. Nd2 Bf4 46. Nb3 Bxg5 47.
Nc5 Bc4 48. Kf3 Ke7 49. Bc2 Bd2 50. Ba4 Kf6 51. Bc2 Kg5 52. Nb3 Bc3 53. Ke3 Bf1
54. Nc5 Bc4 55. Nb3 g6 56. fxg6 fxg6 57. Kf3 Bb2 58. Nc5 Bc3 59. Kg3 Kf6 60.
Nd7+ Ke7 61. Ne5 Ke6 62. Nxc4 dxc4 63. Bxg6 Kd5 64. Kf3 Kxd4 65. Ke2 b3 66. Kd1
Bb2 67. Kd2 c3+ 68. Kd1 Kc4 69. Bf5 Kb4 70. Bg6 Ka3 71. Bb1 Kb4 72. Bf5 Kc4 73.
Bg6 Ba3 74. Bh7 Kd4 75. Bg6 Ke3 76. Bb1 Bd6 77. Bg6 Bf4 78. Kc1 Ke2+ 79. Kb1
Kd2 80. Bf5 c2+ 81. Bxc2 bxc2+ 82. Ka2 c1=Q 83. Kb3 Qc3+ 84. Ka2 Qb4 0-1

[Event "XXIX Miedzynarodowy Festiwal Szachowy CRACOVIA-2018 Grupa B"]
[Site "Krakow, Hotel Galaxy, ul. Gesia 22a"]
[Date "2018.12.31"]
[Round "6.23"]
[White "Jedynak, January"]
[Black "Dzida, Kamil"]
[Result "1/2-1/2"]
[WhiteElo "1759"]
[BlackElo "1951"]
[PlyCount "90"]
[EventDate "2018.??.??"]

1. e4 c5 2. Nf3 d6 3. Bb5+ Nd7 4. c4 Ngf6 5. Nc3 g6 6. d4 cxd4 7. Nxd4 Bg7 8.
O-O O-O 9. Bxd7 Bxd7 10. b3 Rc8 11. Bb2 a6 12. a4 Qa5 13. Qd2 Rfe8 14. Rad1 h5
15. Rfe1 Bg4 16. f3 Bd7 17. Nd5 Qxd2 18. Rxd2 Nxd5 19. exd5 Kf8 20. Rde2 Rc5
21. Rd1 Rec8 22. Ba3 R5c7 23. Bb4 b6 24. Be1 Bf6 25. Bf2 Rb7 26. Ra2 Ke8 27.
Kf1 Kd8 28. Rdd2 g5 29. h3 Be5 30. Be3 g4 31. hxg4 hxg4 32. fxg4 Kc7 33. g5 Rh8
34. Kf2 Rh1 35. Nf3 Bg7 36. Bd4 Bxd4+ 37. Rxd4 Rb8 38. Rf4 Rf8 39. Re2 Kd8 40.
g6 f6 41. Rfe4 Rg8 42. Rxe7 Rxg6 43. Nd4 Rh2 44. Kf1 Rh1+ 45. Kf2 Rh2 1/2-1/2

[Event "XXIX Miedzynarodowy Festiwal Szachowy CRACOVIA-2018 Grupa B"]
[Site "Krakow, Hotel Galaxy, ul. Gesia 22a"]
[Date "2018.12.31"]
[Round "6.24"]
[White "Bugaev, Anton"]
[Black "Mielczarek, Daniel"]
[Result "0-1"]
[WhiteElo "1722"]
[BlackElo "1930"]
[PlyCount "78"]
[EventDate "2018.??.??"]

1. d4 Nf6 2. c4 e6 3. Nf3 b6 4. g3 Bb7 5. Bg2 Be7 6. O-O O-O 7. Nc3 d5 8. Ne5
Nbd7 9. cxd5 Nxe5 10. dxe5 Nxd5 11. Nxd5 Bxd5 12. Bxd5 Qxd5 13. Qxd5 exd5 14.
Rd1 Rfd8 15. e3 c5 16. b3 b5 17. Bb2 a5 18. Rd2 Rd7 19. Rad1 Rad8 20. a3 Kf8
21. Kf1 Ke8 22. Ke2 c4 23. bxc4 dxc4 24. Rxd7 Rxd7 25. Rc1 Rc7 26. e4 Kd7 27.
Rd1+ Kc6 28. Rd5 Rd7 29. Rxd7 Kxd7 30. g4 g5 31. Ke3 Bc5+ 32. Ke2 Ke6 33. f3 b4
34. axb4 axb4 35. Bc1 b3 36. Bb2 Bb4 37. Bd4 Ba5 38. Ke3 Bb6 39. Bxb6 b2 0-1

[Event "XXIX Miedzynarodowy Festiwal Szachowy CRACOVIA-2018 Grupa B"]
[Site "Krakow, Hotel Galaxy, ul. Gesia 22a"]
[Date "2018.12.31"]
[Round "6.25"]
[White "Janus, Przemyslaw"]
[Black "Bartoszewicz, Marcin"]
[Result "1-0"]
[WhiteElo "2091"]
[BlackElo "1853"]
[PlyCount "87"]
[EventDate "2018.??.??"]

1. d4 Nf6 2. c4 g6 3. Nc3 Bg7 4. e4 d6 5. f3 O-O 6. Be3 c6 7. Qd2 a6 8. a4 a5
9. Bd3 Na6 10. Nge2 Qc7 11. O-O Bd7 12. Rac1 e5 13. d5 c5 14. g4 Nb4 15. Ng3
Kh8 16. Kf2 Bxg4 17. fxg4 Nxg4+ 18. Kg2 Nxe3+ 19. Qxe3 Qe7 20. Rf3 Rad8 21.
Rcf1 Rd7 22. Nh1 Kg8 23. Nf2 h5 24. Nh3 f6 25. Ng1 Kh7 26. Bb1 Qe8 27. h4 Bh6
28. Qf2 Bg7 29. Nh3 Rg8 30. Rxf6 Bxf6 31. Qxf6 Rgg7 32. Nb5 Qe7 33. Ng5+ Kh6
34. Qe6 Na6 35. Rf6 Nc7 36. Nxc7 Rxc7 37. Qxd6 Qxd6 38. Rxd6 Rg8 39. Bd3 Re7
40. Kg3 Rf8 41. Be2 Rf4 42. Bf3 Rf8 43. Bg2 Rb8 44. Bh3 1-0

[Event "XXIX Miedzynarodowy Festiwal Szachowy CRACOVIA-2018 Grupa B"]
[Site "Krakow, Hotel Galaxy, ul. Gesia 22a"]
[Date "2018.12.31"]
[Round "6.26"]
[White "Skurniak, Szymon"]
[Black "Gulie, Cosmin"]
[Result "1-0"]
[WhiteElo "1895"]
[BlackElo "2055"]
[PlyCount "75"]
[EventDate "2018.??.??"]

1. e4 c5 2. Nf3 d6 3. d4 cxd4 4. Nxd4 Nf6 5. Nc3 g6 6. Bg5 Bg7 7. Bb5+ Bd7 8.
Qe2 a6 9. Bxd7+ Nbxd7 10. O-O-O Qa5 11. f4 h6 12. Nb3 Qc7 13. Bxf6 Nxf6 14. e5
dxe5 15. fxe5 Nh5 16. Rhe1 e6 17. Rd4 Bf8 18. g4 Ng7 19. Rc4 Qb8 20. Qe4 Be7
21. Na5 Bg5+ 22. Kb1 O-O 23. Qxb7 Qd8 24. Nb3 Bh4 25. Rd1 Qg5 26. Qe4 Rad8 27.
Rcd4 Bf2 28. Rd6 Ra8 29. Qf3 Bh4 30. Nc5 Qxe5 31. Nd7 Qxh2 32. Nxf8 Rxf8 33.
Rxa6 h5 34. gxh5 Nxh5 35. a4 Bf6 36. a5 Qc7 37. Qc6 Qe5 38. Ra8 1-0

[Event "XXIX Miedzynarodowy Festiwal Szachowy CRACOVIA-2018 Grupa B"]
[Site "Krakow, Hotel Galaxy, ul. Gesia 22a"]
[Date "2018.12.31"]
[Round "6.27"]
[White "Gorkiewicz, Mateusz"]
[Black "Ilandzis, Spyridon"]
[Result "1/2-1/2"]
[WhiteElo "1838"]
[BlackElo "2052"]
[PlyCount "103"]
[EventDate "2018.??.??"]

1. e4 d5 2. exd5 Qxd5 3. Nf3 Bg4 4. Be2 Nc6 5. d4 O-O-O 6. c4 Qd7 7. d5 Bxf3 8.
Bxf3 Ne5 9. Qe2 Nxf3+ 10. Qxf3 e6 11. dxe6 Bb4+ 12. Nc3 Qxe6+ 13. Qe2 Bxc3+ 14.
bxc3 Qxe2+ 15. Kxe2 Nf6 16. Be3 Ne4 17. Rac1 Rhe8 18. Rhd1 Nd6 19. c5 Nf5 20.
Rxd8+ Kxd8 21. Kd3 Nxe3 22. fxe3 Re5 23. Kd4 Rh5 24. Rb1 Kc8 25. h3 Rh4+ 26.
Kd3 Ra4 27. Rb2 h5 28. g3 Kd7 29. Rf2 Ke6 30. e4 Ra5 31. Kd4 Ra4+ 32. Kd3 b6
33. Ke3 Rc4 34. Kd3 Rxc5 35. Rf4 Ra5 36. Rf2 Ra4 37. Ke3 g6 38. Kd3 f6 39. Rb2
Ra5 40. Kd4 Rg5 41. Rg2 Kd6 42. Ke3 Kc5 43. Kd3 h4 44. g4 f5 45. exf5 gxf5 46.
Rg1 fxg4 47. hxg4 h3 48. Rh1 Rxg4 49. Rxh3 Kb5 50. Rh2 Rg3+ 51. Kc2 c5 52. Rf2
1/2-1/2

[Event "XXIX Miedzynarodowy Festiwal Szachowy CRACOVIA-2018 Grupa B"]
[Site "Krakow, Hotel Galaxy, ul. Gesia 22a"]
[Date "2018.12.31"]
[Round "6.28"]
[White "Jamroz, Krzysztof"]
[Black "Pasti, Anna"]
[Result "0-1"]
[WhiteElo "2036"]
[BlackElo "1832"]
[PlyCount "58"]
[EventDate "2018.??.??"]

1. e4 c5 2. Nf3 e6 3. c3 d5 4. e5 Nc6 5. d4 a6 6. a3 Qb6 7. b4 cxd4 8. cxd4
Nge7 9. Bb2 Bd7 10. Nc3 g6 11. Na4 Qc7 12. Nc5 Bh6 13. Bc1 Bg7 14. Bf4 O-O 15.
Qd2 Nf5 16. g4 Nfe7 17. Rc1 f5 18. exf6 e5 19. dxe5 Bxg4 20. fxg7 Rf5 21. Nd4
Nxe5 22. Nce6 Qd7 23. Qe3 N7c6 24. Bg2 Nxd4 25. Qxd4 Qxe6 26. O-O Nf3+ 27. Bxf3
Bxf3 28. Rc7 Rh5 29. Rc3 Qg4+ 0-1